书目信息 |
| 题名: |
刘元方文集
|
|
| 作者: | 刘元方 著 | |
| 分册: | ||
| 出版信息: | 北京 北京大学出版社 1999.05 |
|
| 页数: | 347页 | |
| 开本: | 16开 | |
| 丛书名: | ||
| 单 册: | ||
| 中图分类: | O615-53 | |
| 科图分类: | ||
| 主题词: | 无机化学 | |
| 电子资源: | ||
| ISBN: | 7-301-04088-1 | |
| 000 | 00533nam0 2200193 45 | |
| 001 | 0007291504 | |
| 005 | 20000729155911.9 | |
| 010 | @a7-301-04088-1@d45.00元 | |
| 100 | @a20000729d1999 km y0chiy0120 ea | |
| 101 | 0 | @achi |
| 105 | @a z 000yy | |
| 200 | 1 | @a刘元方文集@ALiu Yuan Fang Wen Ji@f刘元方著@FLiu Yuan Fang Zhu |
| 210 | @a北京@c北京大学出版社@d1999.05 | |
| 215 | @a347页@d16开 | |
| 606 | 0 | @a无机化学 |
| 690 | @aO615-53@v3 | |
| 701 | 0 | @a刘元方@4著 |
| 801 | @aCN@bPftUser@c20000729 | |
| 905 | @b81645-649@dO615-53@eL257@f5 | |
| 刘元方文集/刘元方著.-北京:北京大学出版社,1999.05 |
| 347页;16开 |
| ISBN 7-301-04088-1:45.00元 |
| ● |
| 相关链接 |
|
|
|
正题名:刘元方文集
索取号:O615-53/L257
 
预约/预借
| 序号 | 登录号 | 条形码 | 馆藏地/架位号 | 状态 | 备注 |
| 1 | 81645 | 200816457 | 自科库401/401自科库 62排2列4层/ [索取号:O615-53/L257] | 在馆 | |
| 2 | 81646 | 200816466 | 自科库401/401自科库 62排2列4层/ [索取号:O615-53/L257] | 在馆 | |
| 3 | 81647 | 200816475 | 自科库401/401自科库 62排2列4层/ [索取号:O615-53/L257] | 在馆 | |
| 4 | 81648 | 200816484 | 自科库401/401自科库 62排2列4层/ [索取号:O615-53/L257] | 在馆 | |
| 5 | 81649 | 200816493 | 自科库401/401自科库 62排2列4层/ [索取号:O615-53/L257] | 在馆 |